000 00919nam a22001697a 4500
999 _c76001
_d76001
005 20230601111035.0
010 _aCHHN25523
020 _c165.00
_a9789382278030
037 _bगणपति पब्लिशर्स प्रकाशक
100 _aडॉ. सुधीर गोस्वामी
245 _aसामान्य ज्ञान /
_cसुधीर गोस्वामी
_hक्या,क्यों और कैसे ?
260 _aदिल्ली
_bगणपति पब्लिशर्स
_c2021
270 _bदिल्ली
_aशीशमहल द्वितीय तल,सड़क प्रेम नारायण, सीताराम बाजार
_e110006
_k011-23861151, 09810303048
300 _a136 पृ.
_c21सेमी(अजिल्द)
700 _aगोस्वामी,डॉ. सुधीर
942 _2ddc
_cCH
_mगोस्वामी